000 00366 a2200157 4500
001 64108
020 _a9788580442656 (broch.)
040 _cAnchieta - Pituba
100 _aSankovitch, Nina
240 1 0 _aO ano da leitura mágica
_lpor
245 1 0 _aO ano da leitura mágica
300 _a230p.
362 0 _a2011
650 4 _aLiteratura juvenil
942 _cBK
999 _c64108
_d64108